Consells per evitar robatoris i estafes /
Descripción Física:
1 tríptic ; il. col. ; 15 x 15 cm.
Materias:
Robatori -- Consells pràctics, receptes, trucs casolans, etc.
; Robatori -- Prevenció
; Estafa -- Consells pràctics, receptes, trucs casolans, etc.
; Estafa -- Prevenció
Idioma:
Catalán
MARC
| LEADER | 00000nam a22000007a 4500 | ||
|---|---|---|---|
| 001 | 27525 | ||
| 003 | Arxiu | ||
| 005 | 20260324181156.0 | ||
| 008 | 230320b spa||||| |||| 00| 0 cat d | ||
| 017 | |a B 18755-2022 | ||
| 040 | |a agdb |b cat | ||
| 041 | |a cat | ||
| 245 | |a Consells per evitar robatoris i estafes / |c Diputació de Barcelona ; Mossos d'Esquadra ; Generalitat de Catalunya. Departament d'Interior | ||
| 260 | |a Barcelona : |b Diputació de Barcelona : |b Generalitat de Catalunya ; |c 2022 | ||
| 300 | |a 1 tríptic ; |b il. col. ; |c 15 x 15 cm. | ||
| 500 | |a També en castellà (R. 27526) | ||
| 650 | 0 | |9 52428 |a Robatori |x Consells pràctics, receptes, trucs casolans, etc. | |
| 650 | 0 | |9 55990 |a Robatori |x Prevenció | |
| 650 | 0 | |9 52429 |a Estafa |x Consells pràctics, receptes, trucs casolans, etc. | |
| 650 | 0 | |9 55992 |a Estafa |x Prevenció | |
| 710 | 1 | |a Barcelona (Catalunya : Província). |b Diputació |9 52408 | |
| 710 | |9 53686 |a Catalunya. |b Mossos d'Esquadra | ||
| 710 | |9 52624 |a Catalunya. |b Departament d'Interior | ||
| 710 | |9 55974 |a Barcelona (Catalunya : Província). |b Servei Local de Teleassistència | ||
| 942 | |2 udc |c ARXIU |n 1 | ||
| 952 | |0 0 |1 0 |2 udc |4 0 |6 FU74152 |7 1 |9 65671 |a Arxiu |b Arxiu |d 2023-03-20 |l 0 |o FU-74-152 |p 27525 |r 2023-03-20 00:00:00 |w 2023-03-20 |y ARXIU | ||
| 999 | |c 83199 |d 83199 | ||